|
|
|
|
| LEADER |
01178nam a2200325Ia 4500 |
| 001 |
EBC433496 |
| 003 |
MiAaPQ |
| 005 |
20200520144314.0 |
| 006 |
m o d | |
| 007 |
cr cn||||||||| |
| 008 |
111102s2004 si sb 000 0 eng d |
| 020 |
|
|
|z 9789812329783
|
| 035 |
|
|
|a (MiAaPQ)EBC433496
|
| 035 |
|
|
|a (Au-PeEL)EBL433496
|
| 035 |
|
|
|a (CaPaEBR)ebr10515532
|
| 035 |
|
|
|a (OCoLC)609835359
|
| 040 |
|
|
|a MiAaPQ
|c MiAaPQ
|d MiAaPQ
|
| 050 |
|
4 |
|a BP161.3
|b .K335 2004
|
| 100 |
1 |
|
|a Kadir, Shaik.
|
| 245 |
1 |
0 |
|a Inside Islam
|h [electronic resource] :
|b 101 Questions & answers /
|c Shaik Kadir, Shaik Maideen.
|
| 260 |
|
|
|a Singapore :
|b Marshall Cavendish Editions,
|c c2004.
|
| 300 |
|
|
|a xv, 219 p.
|
| 504 |
|
|
|a Includes bibliographical references.
|
| 533 |
|
|
|a Electronic reproduction. Ann Arbor, MI : ProQuest, 2015. Available via World Wide Web. Access may be limited to ProQuest affiliated libraries.
|
| 650 |
|
0 |
|a Islam
|x Customs and practices.
|
| 650 |
|
0 |
|a Islamic ethics.
|
| 655 |
|
4 |
|a Electronic books.
|
| 700 |
1 |
|
|a Maideen, Shaik.
|
| 710 |
2 |
|
|a ProQuest (Firm)
|
| 856 |
4 |
0 |
|u https://ebookcentral.proquest.com/lib/matrademy/detail.action?docID=433496
|z Click to View
|